Atlas bíblico

Guardat en:
Dades bibliogràfiques
Autor principal: Strange, John (Autor)
Format: Llibre
Idioma:espanyol
Publicat: Copenhague Sociedades Bíblicas Unidas 1998
Edició:1a. ed
Matèries:
Etiquetes: Afegir etiqueta
Sense etiquetes, Sigues el primer a etiquetar aquest registre!

MARC

LEADER 00000cam a2200000 a 4500
001 UCD2054
003 CL-VaPUC
008 160407e19980000dk |||||||||||||||||spa|d
020 |a 157697466X 
082 0 4 |a 220.09  |b STR  |2 21 
100 0 |a Strange, John  |e author  |9 585313 
245 1 0 |a Atlas bíblico 
250 |a 1a. ed 
300 |a 64 p 
942 |c BK 
945 |d 20160407 22:06:00  |a arojas 
260 |a Copenhague  |b Sociedades Bíblicas Unidas  |c 1998 
650 7 |a HISTORIA DE LA BIBLIA  |2 CL-VaPUC  |9 472058 
650 7 |a LUGARES HISTORICOS  |2 CL-VaPUC  |9 454195 
583 |a last modification  |c 20160407 22:06:00  |k Rodrigo Vera 
999 |c 363260  |d 363258 
952 |0 0  |1 0  |3 erd  |4 0  |6 220_090000000000000_STR_1998  |7 0  |8 F  |9 475153  |a BIBTEO  |b BIBTEO  |i 5280869  |o 220.09 STR 1998  |p 5280869  |r 2025-01-17  |w 2019-11-24  |y BK_F  |z Catalogado en:20160407  |k ICR 
952 |0 0  |1 0  |3 erd  |4 0  |6 220_090000000000000_STR_1998  |7 0  |8 F  |9 475154  |a BIBTEO  |b BIBTEO  |i 5280877  |o 220.09 STR 1998  |p 5280877  |r 2025-01-17  |w 2019-11-24  |y BK_F  |z Catalogado en:20160407  |k ICR